Lyndon, an oral biography

Na minha lista:
Detalhes bibliográficos
Autor principal: Miller, Merle
Formato: Livro
Idioma:Undetermined
Publicado em: New York Putnam 1980
Assuntos:
Tags: Adicionar Tag
Sem tags, seja o primeiro a adicionar uma tag!
Thư viện lưu trữ: Trung tâm Học liệu Trường Đại học Cần Thơ
LEADER 00510nam a2200205Ia 4500
001 CTU_89710
008 210402s9999 xx 000 0 und d
082 |a 973.923092 
082 |b M647 
100 |a Miller, Merle 
245 0 |a Lyndon, an oral biography 
245 0 |c Merle Miller 
260 |a New York 
260 |b Putnam 
260 |c 1980 
650 |a Presidents 
650 |x Biography 
650 |z United States 
904 |i Bằng 
980 |a Trung tâm Học liệu Trường Đại học Cần Thơ